Welcome to CU Library Online Public Access Catalogue (OPAC)

Business to Business Marketing: (Record no. 5620)

MARC details
000 -LEADER
fixed length control field 00489nam a22001697a 4500
005 - DATE AND TIME OF LATEST TRANSACTION
control field 20250430150047.0
008 - FIXED-LENGTH DATA ELEMENTS--GENERAL INFORMATION
fixed length control field 250430b |||||||| |||| 00| 0 eng d
020 ## - INTERNATIONAL STANDARD BOOK NUMBER
International Standard Book Number 9780077121891
050 ## - LIBRARY OF CONGRESS CALL NUMBER
Classification number HF5415.1263 BIE
100 ## - MAIN ENTRY--PERSONAL NAME
Personal name Biemans Wim G.
245 ## - TITLE STATEMENT
Title Business to Business Marketing:
Remainder of title A value-driven approach
Statement of responsibility, etc. Wim G. Biemans
260 ## - PUBLICATION, DISTRIBUTION, ETC.
Place of publication, distribution, etc. London
Name of publisher, distributor, etc. McGraw-Hill/Irwin
Date of publication, distribution, etc. 2010
300 ## - PHYSICAL DESCRIPTION
Extent xxi. 362p.
Other physical details ill.
Dimensions 25 cm
500 ## - GENERAL NOTE
General note Includes Index
650 ## - SUBJECT ADDED ENTRY--TOPICAL TERM
Source of heading or term Marketing
942 ## - ADDED ENTRY ELEMENTS (KOHA)
Source of classification or shelving scheme Library of Congress Classification
Koha item type Books
Suppress in OPAC No
999 ## -
-- 5620
-- 5620
Holdings
Withdrawn status Lost status Source of classification or shelving scheme Damaged status Not for loan Collection Home library Current library Shelving location Date acquired Total checkouts Full call number Barcode Date last seen Copy number Price effective from Koha item type
    Library of Congress Classification     Non-fiction Business Library (Miotso) Business Library (Miotso) General stacks 04/30/2025   HF5415.1263 BIE BSSM00002166 04/30/2025 1 04/30/2025 Books
    Library of Congress Classification     Non-fiction Business Library (Miotso) Business Library (Miotso) General stacks 04/30/2025   HF5415.1263 BIE BSSM00002167 04/30/2025 2 04/30/2025 Books
    Library of Congress Classification       Graduate Library (Christ Temple) Graduate Library (Christ Temple)   02/10/2026   HF5415.1263.BIE gsct00002313 02/10/2026   02/10/2026 Books
    Library of Congress Classification     Non-fiction Undergraduate Library (Christ Temple) Undergraduate Library (Christ Temple) General stacks 05/08/2025   HF5415.1263 BIE ulct00002294 05/08/2025 1 05/08/2025 Books
    Library of Congress Classification     Non-fiction Undergraduate Library (Christ Temple) Undergraduate Library (Christ Temple) General stacks 05/08/2025   HF5415.1263 BIE ulct00002295 05/08/2025 2 05/08/2025 Books
© 2023-2024 Copyright: Central University Libraries. All Rights Reserved | Created by: Mahone Tech Office